KOHA-Header-6

Wirless Communication Systems (Record no. 102)

000 -LEADER
fixed length control field 00305nam a2200121Ia 4500
008 - FIXED-LENGTH DATA ELEMENTS--GENERAL INFORMATION
fixed length control field 190722s9999 xx 000 0 und d
020 ## - INTERNATIONAL STANDARD BOOK NUMBER
International Standard Book Number 137-978-81-89757-16-8
100 ## - MAIN ENTRY--PERSONAL NAME
Personal name Brijesh Verma
245 #0 - TITLE STATEMENT
Title Wirless Communication Systems
260 ## - PUBLICATION, DISTRIBUTION, ETC. (IMPRINT)
Place of publication, distribution, etc New Delhi
Name of publisher, distributor, etc S.K.Kataria
Date of publication, distribution, etc 2015
300 ## - PHYSICAL DESCRIPTION
Extent 458
942 ## - ADDED ENTRY ELEMENTS (KOHA)
Koha item type Books
Holdings
Withdrawn status Lost status Damaged status Not for loan Collection code Permanent Location Current Location Shelving location Date acquired Full call number Barcode Date last seen Price effective from Koha item type
        Electrical Engineering MAJU MAJU Shelf No.A34 2019-07-22 621.3 6728 2019-07-22 2019-07-22 Electrical Engineering

Powered by Koha